[Event "CB-Emu swiss"]
[Site "?"]
[Date "2017.03.28"]
[Round "1"]
[White "Berlin Pro, Mephisto"]
[Black "Excellence, Fidelity"]
[Result "1-0"]
[WhiteElo "2330"]
[BlackElo "1880"]
[Annotator "Houdini 4 Pro w32 4core (60s)"]
[PlyCount "126"]
[EventDate "2017.??.??"]

{C45: Schottische Partie} 1. e4 e5 2. Nf3 Nc6 3. d4 exd4 4. Nxd4 Bc5 5. Be3 Qf6
{erster berechneter Zug von Schwarz} 6. c3 Nge7 7. Bc4 Ne5 8. Be2 O-O 9. O-O d5
10. f4 Nc4 {und nach diesem Zug beginnt auch der Berlin Pro zu rechnen. Weiss
ist ein wenig besser aus der Eröffnung gekommen.} 11. Bxc4 dxc4 12. Nd2 Qa6 (
12... b5 13. Qh5 (13. Qf3 Bb7 14. Nxb5 Qb6 15. Nd4 Qa6 16. b3 Bxd4 17. Bxd4 Nf5
18. Qf2 Nxd4 19. Qxd4 cxb3 20. axb3 Qb6 21. Qxb6 cxb6 22. e5 Rfd8 23. Rfd1 Kf8
24. Nc4 Bd5 25. Nxb6 Bxb3 26. Rxd8+ Rxd8 27. Rxa7 Rd1+ {Rodrigues,P (1296)
-Oliveira,R (1651) Coimbra 2014 1/2-1/2 (51)}) 13... Bb6 14. Qxb5 Ba6 15. Qa4
Rfe8 16. e5 Qh6 17. Nxc4 Bxd4 18. Bxd4 Nf5 19. Rf2 Bb7 20. Qd7 Qe6 21. Qxe6
fxe6 22. Na5 Bd5 23. Rd2 Red8 24. Bf2 Be4 25. Rad1 Rd5 26. b4 a6 27. c4 {
Najer,E (2614)-Kantsler,B (2501) Jerusalem 2005 1-0}) 13. Qe2 b5 14. a4 $146 (
14. b4 Bb6 15. a4 bxa4 16. f5 Nc6 17. f6 Nxd4 18. cxd4 g6 19. Qf3 Kh8 20. Qf4
Qb5 21. Nf3 Qh5 22. Rxa4 Be6 23. h3 h6 24. Ne5 g5 25. Qg3 Rae8 26. Ra3 Bc8 27.
Kh2 Rg8 28. Rc3 g4 {Lastin,A (2558)-Kliuev Nizhnij Novgorod 1999 1-0 (47)})
14... bxa4 15. Nxc4 {Besser erscheint mir das Schlagen mit der Dame nebst
anschließendem Damentausch. Weiß hat einen neuen rückständigen Bauern: b2} Bd7
16. Rf2 Rfd8 17. Nf5 Qb5 {deutlich besser erscheint mir Sxf5.} 18. Bxc5 Qxc5 $2
{und das war nun ein richtiger Bock. Spätestens jetzt hätte Sxf5 kommen müssen.
Nun bekommt Weiss gute Angriffschancen} 19. b4 axb3 20. Ra5 Bb5 21. Nxe7+ Kf8 {
Schwarz droht Materialgewinn: Kf8xe7} 22. Nf5 Qxc4 {Der kleine Fidelity
verteidigt sich sehr geschickt. Ich hatte eigentlich gedacht, dass die weisse
Aktion durchschlagender sein würde.... Schwarz gabelt: e2+c3} 23. Rxb5 Qxc3 $2
{Der schwarze Freibauer hat nur die Dame als Unterstützung. Zu wenig um
wirklich gefährlich zu werden.} (23... Qxe2 $142 {war der letzte Versuch} 24.
Rxe2 Rdb8 $11) 24. Rf3 $18 Qc1+ 25. Rf1 Qc3 26. Qh5 {Straft den schwarzen
Freibauern mit Nichtachtung und konzentriert sich weiter auf den Angriff.
Sowas sieht man bei den Lang-Programmen auch nicht oft...} (26. Rb1 $142 Qc2
27. Qxc2 bxc2 28. Rf1 $18) 26... Kg8 $4 {und es geht weiter bergab} (26... h6
27. Re5 Qc6 $14) 27. Qf3 {27. Dg5 g6 28. Se7+ unklar} (27. Re5 g6 28. Qh6 gxf5
29. Qg5+ Kf8 30. exf5 Qd4+ 31. Kh1 Qd3 32. Qh6+ Kg8 $18) 27... Rd3 28. Qf2 $4 {
wild schwanken die Waagschalen...} (28. Qg4 $142 {ließe Schwarz keine Chance}
g6 29. Nh6+ Kg7 30. f5 $18) 28... a5 $11 {Die schwarze Bauernstruktur hat sich
verbessert} 29. Ne7+ Kh8 30. Nd5 Qd4 $4 {Damit wird der Freibauer nun
endgültig aufgegeben. Schweiriger wäre es für Weiss nach 30. ...Dc4. Hier
hätte der Berlin Pro wohl mit 31. Da7 Te8 32. Tb8 weitergemacht.} (30... Qc4
$142 {bringt noch Rettung} 31. Qa7 $5 {Ablenkung: b8} Rg8 $11 (31... Rxa7 $4
32. Rb8#)) 31. Qxd4 $18 Rxd4 32. Nxc7 Rad8 (32... Rc8 33. Rxb3 a4 34. Rbb1 Rxe4
35. Nb5 $18) 33. Rxb3 Rxe4 {Der Angriff ist erstmal vorbei. Der Berlin hat
einen Springer gegen einen Bauern. Das entstandene Endspiel wird trotzdem
schwer werden.} 34. Ra3 a4 35. Rfa1 Rxf4 36. Rxa4 Rxa4 37. Rxa4 Kg8 38. Ra5 Kf8
{Endspiele dieser Art habe ich in dieser ersten Runde schon des Öfteren ins
Remis abdriften sehen...} 39. Nd5 f5 $6 {kann die Stellungsprobleme nicht lösen
} (39... g6 $18) 40. Nf4 Rd1+ 41. Kf2 g6 (41... Kg8 {wäre gleichermaßen
fruchtlos} 42. Rxf5 Ra1 43. Rc5 $18) 42. Ra7 Kg8 43. Ne6 Rd2+ 44. Kf3 Rc2 45.
Ra8+ Kf7 46. Ng5+ Ke7 47. Ra7+ Kd6 48. Nxh7 Rc3+ 49. Kf4 Rc4+ 50. Ke3 Rb4 {
Nun wird es kein Remis mehr...} (50... Rh4 {ändert nichts am Ausgang der Partie
} 51. h3 $18) 51. Ra6+ Ke5 {Jetzt hängt f4 in der Luft} 52. Rxg6 Rh4 (52... Ra4
$18 {ist ein letzter Versuch}) 53. Ng5 f4+ 54. Kf2 Rxh2 (54... Kf5 {ist
vielleicht ein Schwindelversuch} 55. Nf3 Rh8 56. Rg5+ Ke6 57. Nd4+ Kd7 $18) 55.
Nf3+ Kf5 56. Rg5+ {etwas umständlichj. Man kann auch gleich auf h2 schlagen...}
Kf6 57. Rg4 {Man kann sich das Leben auch schwer machen...} Rh5 58. Rxf4+ Kg6 {
Bei Stockfish und Co würde ich sagen: "Den Rest machen die Tablebases". Aber
da muss er jetzt alleine durch} 59. g4 Rb5 60. Kg3 Rb3 {Eigentlich müsste das
jetzt in 17 Zügen matt sein... sagt Nalimov...} 61. g5 Kh5 62. Rf6 {15 er
kanns auch ohne... noch} Rb6 63. Kf4 Ra6 {OK, die Bewertung des Berlin steigt
auf über 10... da können wir wohl aufhören. Eine durchweg spannende Partie und
eine gute Endspielführung des Mephisto.} (63... Rb4+ {ändert nichts mehr} 64.
Kf5 Rb5+ 65. Ne5 Kh4 66. g6 Rb7 67. Rf7 Rb8 68. g7 Rg8 69. Kf6 Kg3 70. Rf8 Kh3
71. Rxg8 Kg3 72. Rd8 Kg2 73. g8=Q+ Kf2 74. Qa2+ Kg3 75. Rd3+ Kf4 76. Qa4#) 1-0

[Event "CB-Emu swiss"]
[Site "?"]
[Date "2017.03.28"]
[Round "1"]
[White "Excel Display, Fidelity"]
[Black "RISC 2500, Saitek"]
[Result "0-1"]
[WhiteElo "1880"]
[BlackElo "2350"]
[Annotator "Houdini 4 Pro w32 4core (60s)"]
[PlyCount "100"]
[EventDate "2017.??.??"]

{A06: Zukertort-Eröffnung} 1. e3 {OK, das ist mal eine Überraschung... Der
Excellence spielt eine unregelmäßige Eröffnung... So ein Scheiss in einer
Turnierpartie fällt doch sonst bloß mir ein.} d5 2. Nf3 Nf6 3. Bb5+ {Ab hier
ist es bei beiden mit dem Buch vorbei. Das kann ja heiter werden...} (3. c4
dxc4 4. Na3 g6 5. Nxc4 Bg7 6. b3 O-O 7. Bb2 c5 8. Be2 Nc6 9. O-O Bf5 10. a3 Bd3
11. Rc1 Rc8 12. Bxd3 Qxd3 13. Nce5 Nxe5 14. Nxe5 Qd5 15. Qc2 Ne4 16. Nc4 Bxb2
17. Nxb2 Rc6 {Averkin,O (2460)-Petrosian,T (2640) Moscow 1973 1/2-1/2}) 3...
Bd7 (3... c6 4. Ba4 Nbd7 5. O-O e5 6. h3 Bd6 7. Nc3 O-O 8. b3 b5 9. Bxb5 cxb5
10. Nxb5 Bb8 11. Bb2 a6 12. Nc3 Qc7 13. Ba3 e4 14. Bxf8 Nxf8 15. g3 exf3 16.
Qxf3 Bxh3 17. Rfe1 Bg4 18. Qg2 {Kara,M-Ozdemir,A (1701) Konya TUR 2016 0-1}) 4.
Nc3 $146 (4. Bd3 Nc6 5. O-O e5 6. Bb5 e4 7. Bxc6 Bxc6 8. Nd4 Bd7 9. f3 c5 10.
Nb3 Bd6 11. f4 Qc7 12. Nc3 O-O-O 13. Qe1 Rhe8 14. Qg3 g6 15. d4 c4 16. Qh4 Nh5
17. Nxd5 Qc6 18. Qg5 cxb3 {Nolan,T-Nolan,K (1111) Canberra 2001 0-1 (62)}) (4.
Be2 Bf5 $11) 4... e6 5. Bxd7+ Nbxd7 ({Schwächer ist} 5... Kxd7 6. O-O $14) 6.
O-O Bb4 7. a3 Bxc3 {Der RISC spielt diese Stellung total anders als ich es
machen würde. Ich hätte jetzt erstmal das Zentrum befestigt und meine
Entwicklung abgeschlossen. Aber man kann das nicht als Fehler sehen. Einfach
ein anderer Stil.} 8. dxc3 O-O 9. Bd2 {9. c4 ist überzeugender. Der
Doppelbauer sollte schnellstens wieder aufgelöst werden.} (9. Qe2 c6 $11) 9...
Nb6 10. Qe2 {Die Stellung sieht seltsam aus. Objektiv gesehen mag Schwarz hier
weit besser stehen, da er mehr Raum für die Figuren und ein starkes Zentrum
hat, aber die Festung muss man erst mal stürmen...} Ne4 11. Ne5 Qd6 {Schwarz
droht Materialgewinn: Dd6xe5} 12. f4 $2 {nicht gut. Die Stellung lebt davon
dass Weiss sich eine Festung aufbaut, die nicht über die 3. Reihe hinausgeht.
Nun wird die Bauernstellung - vor allem e3 - schwach.} (12. Nd3 $5 $15) 12...
f6 $17 13. Nd3 Nc4 {Schwarz zögert nicht lange und geht den Punkt e3 gleich an.
Dass der Läufer gleich auch noch auf sein Ursprungsfeld getrieben wird, ist
ein angenehmer Nebeneffekt.} 14. Bc1 Qc6 15. Nf2 Nxf2 16. Rxf2 Nd6 17. Bd2 Ne4
(17... Qb6 18. Ra2 $17) 18. Rff1 Rad8 (18... b5 19. Be1 $17) 19. Rad1 Qb6 20.
Bc1 (20. Rb1 Qc5 $17) 20... c5 21. Kh1 {Passive Abwartezüge mit dem König sind
sicherlich nicht die richtige Antwort auf das Vorpreschen des Schwarzen.
Besser war nun zu versuchen mit f5 die Stellung zu öffnen, damit die weissen
Figuren etwas Raum bekommen.} (21. f5 c4 $17) 21... c4 22. Rg1 {Planlos über
64 Felder...} (22. Rd4 f5 $17) 22... f5 {Bei 16 Bauern auf dem Brett alles zu
blockieren ist allerdings auch nicht wirklich gewinnträchtig...} 23. Qe1 (23.
g4 Rf6 $19) 23... Rf6 24. Rf1 Rh6 25. Rf3 (25. Rd4 Qc5 $19) 25... Qc6 (25...
Qd6 26. Qg1 $19) 26. Qe2 {Also irgendwie erinnert mich das alles mehr an Mühle
als an Schach, was die beiden da abziehen...} (26. Bd2 Qe8 27. Ra1 Qe7 $19)
26... Qe8 27. Kg1 (27. h3 Qb5 $19) 27... Qh5 28. h3 {Nein, lieber RISC. Hier
sind die Schotten auch dicht...} g5 $1 {...oder auch nicht} 29. fxg5 {Im 29.
Zug der erste Bauerntausch. Das ist schon rekordverdächtig} Rg6 30. Qe1 $6 {
bietet nicht viel Widerstand} (30. Kh2 Rd7 $19) 30... Qxg5 {Jetzt kommt der
RISC dem Ziel langsam näher. Er hatte auch lange an Sxg5 gerechnet, mit der
Drohung Sxh3+. Aber am Ende waren ihm die Verwicklungen wohl doch zu
kompliziert.} (30... Nxg5 $5 {und Schwarz hätte es noch leichter} 31. Rg3 Kf7
32. Rxg5 Qxg5 33. Rd2 $19) 31. Qe2 Kh8 $1 {Der Weg für das nächste schwere
Geschütz auf der g-Linie wird bereitet.} 32. Kh2 Rdg8 33. Rg1 Qe7 34. g3 $2 {
Ein böser Fehler. Den Status Quo mit Dd1 aufrechterhalten war der bessere Weg.}
(34. Bd2 $19) 34... Qc7 35. Qe1 Ng5 36. Rff1 Rh6 37. Kg2 (37. e4 {hilft auch
nicht mehr} Rxh3+ 38. Kg2 Rxg3+ 39. Qxg3 Nxe4 40. Qxg8+ Kxg8 $19) 37... Rxh3 (
37... Ne4 $142 {sichert den Gewinn} 38. Kh2 Rg4 39. Rf4 $19) 38. e4 Rxg3+ $3 {
Abzugsangriff: g3, Sg5xe4.} 39. Qxg3 Nxe4 40. Qxg8+ Kxg8 41. Be3 (41. Rf3 {
ändert den Lauf der Dinge nicht} Kf7 $19) 41... Kf7 {Die Festung ist erstürmt.
Allein, der König läuft noch frei rum...} 42. Rf3 Kf6 43. Rh3 (43. Rgf1 {
ändert nichts mehr} b6 44. Bd4+ Kg6 $19) 43... h5 $1 {Aus die Maus!} 44. Bd4+ (
44. Rxh5 Qg3+ 45. Kf1 (45. Kh1 Qf3+ {Doppelangriff}) 45... Qf3+ {Mattangriff
Hinlenkung}) 44... e5 45. Be3 (45. Bxa7 {wäre noch eine kleine Chance} b6 46.
Rxh5 Qxa7 47. Kf1 $19) 45... f4 46. Rf1 Qd7 47. Bxa7 {der letzte Fehler. Der
Läufer hätte sich auf f4 opfern müssen um die Niederlage noch hinauszuzögern.}
(47. Bxf4 {ist noch eine Idee} exf4 48. Rxf4+ Ke6 49. Re3 $19) 47... Qg4+ 48.
Kh2 Ng5 49. Re3 f3 50. Rexf3+ (50. Rfxf3+ {macht keinen großen Unterschied}
Nxf3+ 51. Rxf3+ Qxf3 52. Kg1 h4 53. Bf2 h3 54. Kf1 h2 55. Ke1 h1=Q+ 56. Bg1
Qxg1+ 57. Kd2 Qfd1#) 50... Nxf3+ {und Matt in wenigen Zügen. Meine Güte was
für eine - für den Bediener - stressige Partie... Es stimmt schon dass
Computerspiele einen zum Amokläufer machen können. Noch so eine Partie und ich
werd auch einer...} (50... Nxf3+ 51. Rxf3+ Qxf3 52. Bb6 h4 53. Bd8+ Kf5 54.
Bxh4 Kg4 55. Be7 Qh3+ 56. Kg1 Kf3 57. Bb4 Qg2#) 0-1

[Event "CB-Emu swiss"]
[Site "?"]
[Date "2017.03.28"]
[Round "1"]
[White "Genius 030 London V5, Mephisto"]
[Black "Designer 2100, Fidelity"]
[Result "1/2-1/2"]
[WhiteElo "2350"]
[BlackElo "1950"]
[Annotator "Houdini 4 Pro w32 4core (60s)"]
[PlyCount "90"]
[EventDate "2017.??.??"]

{D49: Damengambit (Meraner Variante)} 1. d4 d5 2. c4 e6 3. Nc3 Nf6 4. Nf3 c6 5.
e3 Nbd7 6. Bd3 dxc4 7. Bxc4 b5 8. Bd3 a6 9. e4 c5 10. e5 {Ab hier muss der
Designer denken.} cxd4 11. Nxb5 Bb4+ {und nun muss auch der Genius seinen
Genius einsetzen... OK, der Witz war lahm.} (11... Ng4 12. Qa4 Qb6 13. Nd6+
Bxd6 14. exd6 e5 15. Bf5 Ngf6 16. Nxe5 Qxd6 17. Nxd7 Bxd7 18. Bxd7+ Nxd7 19.
O-O O-O 20. Rd1 d3 21. Bf4 Qd5 22. Qa3 Rfe8 23. Rxd3 Qe4 24. Be3 Ne5 25. Rd4
Qg6 26. Bf4 {L'Ami,E (2594)-Georgiev,V (2525) Wijk aan Zee 2007 1-0 (58)}) 12.
Kf1 $146 {Das kommt also heraus wenn ein Genie über 10 Minuten nachdenkt...
Ich wüsste nicht warum man auf die Rochade verzichten sollte und was gegen
Ld2 einzuwenden war. Nach 11. ...Ld2 12. Dxd2 axb5 13. exf6 Dxf6 14. Lxb5
sieht die weisse Stellung völlig OK aus.} (12. Bd2 Bxd2+ 13. Qxd2 axb5 14.
exf6 Qxf6 15. Bxb5 (15. Be4 Rb8 16. Qxd4 e5 17. Qb4 Qe7 18. Qxe7+ Kxe7 19. O-O
f6 20. Rfc1 Bb7 21. Bxb7 Rxb7 22. h3 Ra8 23. a3 Ra4 24. Rc8 b4 25. Rac1 bxa3
26. bxa3 Rxa3 27. Nh4 Rd3 28. Rg8 Kf7 29. Rcc8 Nb6 {Rodier,D (2136)-Andersen,L
(2275) Saint Denis 2013 0-1 (39)}) 15... e5 16. O-O Kd8 (16... O-O 17. Rfe1 Nc5
(17... Re8 18. Nxd4 Qb6 19. a4 Rf8 20. Nc6 Nc5 21. Qd6 Nd7 22. Ne7+ Kh8 23.
Nxc8 Raxc8 24. Qxd7 Rc2 25. Qf5 Rxb2 26. Rxe5 g6 27. Qf4 Rd8 28. Qxf7 Qd4 29.
Re7 {1-0 (29) Sandic,V (2390)-Gaber,J Pula 1990}) 18. Qb4 e4 19. Qxc5 {1-0 (19)
Appel,R-Feibert,F (2225) Landau 1988}) 17. a4 Bb7 18. Qe2 Bxf3 19. Qxf3 Qxf3
20. gxf3 g5 21. b4 h5 22. Rfb1 Ke7 23. a5 Kd6 24. Bc4 f5 25. b5 e4 26. fxe4
fxe4 {Liu,Y (2049)-Pham Bich,N (2111) Phu Quoc 2007 1-0 (55)}) (12. Bd2 Bxd2+ (
12... axb5 $2 {übersieht} 13. Bxb4 (13. exf6 $6 Bxd2+ 14. Qxd2 Nxf6 $11) 13...
Nd5 14. Bd6 $16) 13. Qxd2 axb5 14. exf6 Qxf6 15. Bxb5 e5 $14) 12... Nxe5 (12...
axb5 $142 $5 13. exf6 Nxf6 (13... Qxf6 $4 14. Bg5 $18) 14. Bxb5+ Bd7 $17) 13.
Nxe5 $11 axb5 14. Nc6 $2 {Besser war Lxb5.} (14. Bxb5+ $5 Kf8 15. Bf4 $11)
14... Qd6 $15 {und was nun?} 15. Nxd4 (15. Nxb4 $5 Qxb4 16. a3 $15) 15... Bb7 {
Das gleicht die Sache wieder aus. Glück gehabt, Genius. Ich hätte frech 15. ...
Dxd4 gezogen. 16. Lxb5 Ld7 17. Dxd4 Lxb5+ 18. Kg1 Td8 19. Dxd8+ Kxd8 und
Schwarz steht dank des Läuferpaars gut.} 16. Bxb5+ Kf8 (16... Ke7 17. Be3 Rhd8
18. Qe2 $17) 17. Be2 Qd5 {Auch der Designer glänzt nicht mit den besten Ideen.
Sicherer war Le7} (17... Ke7 18. a3 $15) 18. Bf3 $11 Qc4+ 19. Kg1 Bxf3 20. Nxf3
Ke7 {Auch wenn die Bewertungsfunktion vom Genius hier was von +0,5 fabuliert...
Schwarz hat die bequemere Stellung. Mit dem letzten Zug wurde der Turm h9
befreit und darf wieder mitspielen. Auch sonst haben die schwarzen Figuren
weit mehr Raum. Die Bewertung dürfte wohl auf den verbundenen Freibauern a2+b2
beruhen. Aber die haben noch eine lange Reise vor sich, bevor sie zur Gefahr
werden. Und Weiss spielt derzeit quasi mit einem Turm weniger.. Die schwarze
Königssicherheit hat sich verschlechtert} (20... Rxa2 $4 {das Schlagen des
Bauern ist schlecht} 21. Ne5 Ke7 22. Nxc4 Rxa1 23. g3 $18) 21. b3 Rhd8 22. Bd2
(22. bxc4 $4 {führt zum Matt in 2} Rxd1+ 23. Ne1 Rxe1#) 22... Qb5 23. Bxb4+
Qxb4 24. Qc2 Rdc8 25. Qe2 (25. Qd1 Ra5 $11) 25... Kf8 {25. ...De4 und nach
eventuellem Damentausch die beiden Freibauern angehen (noch hat Schwarz ja
einen Turm mehr im Spiel) sieht für mich vielversprechender aus. Der Textzug
gibt Weiss Zeit seinen Turm zu befreien.} (25... Rc3 26. h3 $15) 26. h3 Kg8 {
muss ich nicht verstehen, oder? 26. ...Se4 oder Tc3 aber auf jeden Fall muss
man weiter Druck ausüben und keine Tempi verschenken...} (26... Rc3 27. Rd1 $11
) 27. Ne5 Qd4 (27... Rc5 28. Nd3 Qd4 29. Kh2 $11) 28. Kh2 $14 Ne4 29. Nc4 Nxf2
30. Rhf1 Nd3 (30... Rxc4 31. bxc4 Ne4 32. Rfe1 $14) 31. Qf3 (31. Rad1 Rd8 32.
Rf3 $14) 31... Ne5 $11 32. Qh5 Nxc4 {Ich seh es schon kommen, dass mit dem
Genius London der nächste Favorit eine Blamage einfährt... Man bedenke... 500
Elo Unterschied...} (32... g6 33. Qxe5 Rxc4 34. Qxd4 Rxd4 35. Rfb1 $11) 33.
Qxf7+ Kh8 34. bxc4 Qxc4 (34... Rxc4 $4 35. Qf8+ {Räumung: f7} Rxf8 36. Rxf8#)
35. Rae1 Re8 (35... Rxa2 $4 {wird durch Matt widerlegt in 2} 36. Qf8+ {Räumung:
f7} Rxf8 37. Rxf8#) 36. Rf2 Qb4 37. Ref1 (37. Rxe6 $4 {der kann natürlich
nicht genommen werden} Rf8 38. Qxf8+ Rxf8 $19) 37... e5 38. Rf3 e4 39. Rg3 Qd4
40. Rf4 Qa1 41. Qb7 Rxa2 42. Rf7 Rg8 43. Qxe4 Rd2 {Die gegenseitigen
Freibauern sind weg und in der jetzigen Konstellation ist es höchst
unwahrscheinlich dass sich die Schicksalswaage auf irgendeine Seite neigt.} 44.
Rgf3 Qb2 45. Rf1 Re2 {Alle Kräfte sind gebunden. Niemand kann wirklich
angreifen ohne gleichzeitig eine Schwäche aufzumachen. Die Bauern können nicht
ziehen. Remis. Wenn jemand meint, ich hätte den Genius damit unfair behandelt
spiel ich die Stellung gerne zu einem späteren Zeitpunkt weiter, aber nach
meinem Dafürhalten ist da nichts mehr zu wollen.} 1/2-1/2

[Event "CB-Emu swiss"]
[Site "?"]
[Date "2017.03.29"]
[Round "1"]
[White "Monte Carlo, Mephisto"]
[Black "Genius 030 V4.01 OC, Mephisto"]
[Result "0-1"]
[WhiteElo "1920"]
[BlackElo "2370"]
[Annotator "Houdini 4 Pro w32 4core (60s)"]
[PlyCount "52"]
[EventDate "2017.??.??"]

{B14: Caro-Kann (Panow-Angriff)} 1. e4 c6 2. d4 d5 3. exd5 cxd5 4. c4 e6 5. Nc3
Nf6 6. Nf3 Bb4 7. cxd5 {erster berechneter Zug von Weiss} Nxd5 8. Bd2 Nc6 9.
Nxd5 {und damit muss nun auch der Genius rechnen. Der Textzug ist natürlich
gut spielbar. Besser ist aber meiner Meinung nach Lb5} Bxd2+ 10. Qxd2 Qxd5 {
Die Angriffsmarke d4} 11. Be2 O-O 12. O-O {Tja, was will man sagen? Bisher
eine recht ausgeglichene Stellung. Keiner kann irgendwelche Vorteile aufweisen.
} Rd8 13. Rfd1 b6 14. Rac1 Bb7 15. Bc4 Qd6 {Der Genius bewertet die Stellung
mit +0,54 für sich. Eine Einschätzung die etwas überzogen ist. Ganz im
Gegenteil glaube ich dass Schwarz hier gerade Ausgleich hat.} 16. d5 $146 {
Es ist schwer etwas besseres zu finden. Der Isolani bleibt natürlichj ein
bevorzugtes Angriffsziel des Schwarzen.} (16. Qe3 Ne7 17. Bd3 Rac8 18. Rxc8
Rxc8 19. Be4 Bxe4 20. Qxe4 Nd5 21. a3 Qc7 22. Qe1 g6 23. g3 Qc2 24. Rd2 Qb3 25.
Kg2 a5 26. h4 h5 27. Qf1 a4 28. Qe1 Rc7 29. Qe4 b5 30. Qe5 b4 {Egeli,P-Sadler,
M (2575) Gausdal 1995 0-1 (50)}) 16... Ne5 17. Nxe5 Qxe5 18. d6 {Weiß hat
einen neuen Freibauern: d6} Rd7 19. Qc3 {Da hätte mir jetzt auf den ersten
Blick f4 besser gefallen.. Weiß droht Materialgewinn: Dc3xe5} (19. f4 Qc5+ 20.
Qf2 Qa5 $11) 19... Qg5 {Weiss hat ein wenig mehr Druck auf den Linien, dafür
beherrscht Schwarz die lange Diagonale. Insgesamt nach wie vor ausgeglichen..
Schwarz droht Matt} (19... Qxc3 20. Rxc3 Rad8 $15) 20. f3 $2 {Zu verpflichtend.
Besser war Dg3. Weiss hat die Bewegugsfähigkeit seiner Dame eingeschränkt und
dem Schwarzen ermöglicht über die c-Linie ins Spiel zu kommen.} (20. Qg3 $142 {
und Weiß kann noch kämpfen} Qxg3 21. hxg3 $11) 20... Rc8 $17 {und da isser
schon... Nun rächt sich dass Weiss nicht den Damentausch mit Dg3 forciert
hatte. Der Läufer ist gefesselt, es droht ...b5 und der Isolani ist nicht mehr
ausreichend zu verteidigen. Schön gespielt vom Genius} 21. Qd3 $4 {und gleich
ein Fehler hinterher. a4 war nötig.. ein Fehler, doch es war nicht viel zu
retten} (21. Kh1 $142 $17) 21... b5 $1 $19 {Was haben sie dem Monte nur in den
Kaffee getan. Auch auf Denktiefe 7 sieht er sich noch im Vorteil. Erst auf
Denktiefe 8 merkt er dass da wohl was faul ist.. Ablenkung: c4} 22. Bxb5 $4 {
nur was genau da faul ist, hat er leider nicht gemerkt... Denktiefe 8
Bewertung -0,47.} (22. Bxe6 {wäre noch eine kleine Chance} fxe6 23. Rxc8+ Bxc8
24. b4 $19) 22... Rxc1 23. Bxd7 Qc5+ {wenigstens einer, der hier ganz
überzeugend zeigt, warum er ein Weltmeisterprogramm ist.} 24. Kh1 Qc4 25. Ba4
Qxd3 26. Rxc1 Qxd6 {Dame für einen Turm erobert, Isolani erobert, was will man
mehr? Da nicht zu erwarten ist, dass der Monte hier noch schummeln kann, wurde
die Partie an dieser Stelle für Schwarz als gewonnen gewertet.. . . . . . .}
0-1